[Event "Botvinnik Cup 2018"]
[Site "Moscow"]
[Date "2018.08.12"]
[Round "5"]
[White "Vaganian, Rafael A"]
[Black "Skatchkov, Valery"]
[Result "1/2-1/2"]
[WhiteElo "2546"]
[BlackElo "2305"]
[Annotator "TA"]
[PlyCount "76"]
[EventDate "2018.08.10"]
[EventCountry "RUS"]
[SourceTitle "playchess.com"]
[Source "ChessBase"]
[SourceQuality "1"]

{[%evp 10,76,16,-13,16,-22,16,6,15,20,34,20,34,28,24,0,0,0,0,0,0,-6,62,0,0,0,7,0,0,-63,-17,-12,-12,-91,-29,-27,-31,-27,-31,-20,-25,-24,0,0,0,-51,-45,-34,-21,-23,-29,-32,0,0,0,0,0,0,0,0,0,0,0,0,0,0,0,0,0]} 1. d4 Nf6 2. Bg5 Ne4 3. Bf4 d5 4. e3 Bf5 5. Bd3 (5. f3 Nd6 6. Nc3 e6 7. Qe2 Nc6 8. O-O-O Be7 9. e4 Bg6 10. exd5 exd5 11. Nxd5 O-O 12. Nxe7+ Nxe7 13. d5 {½-½ (40) Martinovic,S (2565)-Georgiev,K (2631) Mali Losinj 2017}) 5... e6 6. Ne2 {LiveBook: 7 Partien. A45: Damenbauernspiele (Trompowski-Angriff)} Nd7 (6... g5 {seems wilder.} 7. Be5 f6 8. Bg3 h5 9. f3 Nxg3 10. hxg3 Bxd3 11. Qxd3 Qd7) 7. O-O (7. f3 {is interesting.} g5 8. Be5 Nxe5 9. dxe5 Nc5 10. Bxf5 exf5 11. Nbc3) 7... Be7 $146 ({Vorgänger:} 7... c6 8. f3 Nef6 9. Nbc3 Bxd3 10. Qxd3 Be7 11. e4 O-O 12. Bg5 dxe4 13. fxe4 {0-1 (85) Vakhania,A (2188)-Harutjunyan,G (2456) Poti 2013}) 8. f3 Nef6 9. Bxf5 exf5 10. Nbc3 O-O 11. Ng3 g6 12. e4 fxe4 13. fxe4 dxe4 14. Ncxe4 Nxe4 15. Nxe4 Nf6 (15... f5 $11 16. Nf2 c5) 16. Qd3 ({Besser ist} 16. Bxc7 $1 $14 Qxc7 17. Nxf6+ Bxf6 18. Rxf6) 16... Nxe4 $11 17. Qxe4 Bf6 18. d5 Re8 19. Qd3 (19. Qc4 $11) 19... Be5 20. c4 Qd6 21. g3 (21. Qe3 $11 {hält das Gleichgewicht.}) 21... Bxf4 (21... Qb6+ $17 22. Be3 Qxb2) 22. Rxf4 Qc5+ 23. Kf1 Re5 24. Qd4 Qe7 25. Kg1 Re8 26. Raf1 b6 27. b4 (27. Rxf7 $11 Qxf7 28. Rxf7 Kxf7 29. c5) 27... f5 $1 $15 28. a3 Re3 29. c5 bxc5 30. bxc5 Rxa3 31. g4 {Die Stellung ist ausgeglichen.} Qe3+ 32. Qxe3 Raxe3 33. gxf5 $11 {[%mdl 4096] Endspiel KTT-KTT} R3e5 34. fxg6 hxg6 35. Rf7 Rg5+ 36. Kh1 Re1 37. Rf8+ Kg7 {und nun wäre ...Txf1+ stark für Schwarz.} 38. R8f7+ Kg8 {Precision: Weiß = 58%, Schwarz = 51%.} 1/2-1/2

[Event "Botvinnik Cup 2018"]
[Site "Moscow"]
[Date "2018.08.12"]
[Round "5"]
[White "Vaganian, Rafael A"]
[Black "Kirillov, Dmitry"]
[Result "0-1"]
[WhiteElo "2546"]
[BlackElo "2209"]
[Annotator "TA"]
[PlyCount "62"]
[EventDate "2018.08.10"]
[EventCountry "RUS"]
[SourceTitle "playchess.com"]
[Source "ChessBase"]
[SourceQuality "1"]

{[%evp 11,62,0,0,-29,0,-9,16,2,12,0,13,4,26,4,21,19,35,0,0,0,0,-11,0,0,0,-7,0,0,0,0,33,33,28,10,64,0,0,0,0,-55,-61,-83,-21,-67,-68,-625,-620,-596,-594,-1286,-1293,-1267,-1244]} 1. d4 d5 2. c4 dxc4 3. e3 Nf6 4. Bxc4 e6 5. Qe2 (5. Nf3 c5 6. O-O a6 7. Be2 Nbd7 8. Nc3 b6 9. e4 cxd4 10. Nxd4 Bb7 11. Be3 Bc5 12. f3 O-O 13. Qe1 Rc8 14. Qf2 b5 {½-½ (54) Carlsen,M (2837)-Caruana,F (2799) London 2017}) 5... c5 6. dxc5 {D20: Queen's Gambit Accepted: 3 e3 and 3 e4} Bxc5 {LiveBook: 11 Games} 7. a3 Nc6 8. Nf3 {The position is equal.} Bd6 9. b4 $146 ({Predecessor:} 9. O-O O-O 10. Rd1 Qc7 11. Nc3 a6 12. Bd3 Ne5 13. Nxe5 Bxe5 14. h3 {½-½ (39) Bany,J (2450)-Panczyk,K (2435) Lublin 1988}) 9... Ne5 10. Nbd2 O-O 11. Bb2 Nxc4 12. Nxc4 {[#] And now Rd1 would win.} Bc7 13. O-O Qe7 14. Nfe5 Nd7 15. Rac1 Nxe5 16. Bxe5 Bxe5 17. Nxe5 f6 18. Nc4 e5 19. Na5 Be6 {[%cal Bc8e6,Be6b3,Bb3a4,Ba4b5][%mdl 32]} 20. Qf3 b6 21. Nc6 Qf7 22. Rfd1 Rac8 (22... Bb3 $11) 23. Qe4 (23. b5 $14) 23... Bb3 $11 24. Rd3 Ba4 $1 {[%cal Ra4c6] [#] aiming for ...Bxc6.} 25. g4 (25. Rdc3 $11 Rc7 26. Qb1) 25... Rc7 $36 {[%mdl 2048] Black has good play.} 26. Rdc3 Rfc8 ({Black should play} 26... Re8 $17) 27. b5 ({Don't blunder} 27. Ne7+ $2 Qxe7 28. Qd5+ (28. Rxc7 $2 Rxc7 29. Qd5+ Kf8 $19) 28... Kf8 $19) 27... Bxb5 28. Nxe5 $2 {[%mdl 8192]} (28. h4 $15) 28... Rxc3 $19 {Black is clearly winning.} 29. Rxc3 Rxc3 30. Qa8+ Qe8 31. Qd5+ Kf8 {Precision: White = 36%, Black = 43%.} 0-1

[Event "Botvinnik Cup 2018"]
[Site "Moscow"]
[Date "2018.08.12"]
[Round "5"]
[White "Atabayev, Maksat"]
[Black "Qalichava, Akaki"]
[Result "1/2-1/2"]
[WhiteElo "2505"]
[BlackElo "1874"]
[Annotator "ChessBase"]
[PlyCount "122"]
[EventDate "2018.08.10"]
[EventCountry "RUS"]
[SourceTitle "playchess.com"]
[Source "ChessBase"]
[SourceQuality "1"]
[TimeControl "5400+30"]

1. Nf3 {[%emt 0:00:00]} Nf6 {[%emt 0:00:00]} 2. c4 {[%emt 0:00:00]} e6 {[%emt 0:00:07]} 3. g3 {[%emt 0:00:45]} d5 {[%emt 0:00:44]} 4. Bg2 {[%emt 0:00:06]} Be7 {[%emt 0:00:17]} 5. O-O {[%emt 0:00:12]} O-O {[%emt 0:00:16]} 6. b3 {[%emt 0:00:47]} c5 {[%emt 0:01:13]} 7. cxd5 {[%emt 0:00:37]} Nxd5 {[%emt 0:00:20]} 8. Bb2 {[%emt 0:00:34]} Nc6 {[%emt 0:01:30]} 9. Nc3 {[%emt 0:00:06]} Bf6 {[%emt 0:01:24]} 10. Qc1 {[%emt 0:01:35]} Nxc3 {[%emt 0:06:59]} 11. Bxc3 {[%emt 0:00:24]} Nd4 {[%emt 0:00:21]} 12. Nxd4 {[%emt 0:00:02]} cxd4 {[%emt 0:00:07]} 13. Bb4 {[%emt 0:00:54]} Be7 {[%emt 0:00:24]} 14. Qa3 {[%emt 0:01:52]} Bxb4 {[%emt 0:02:05]} 15. Qxb4 {[%emt 0:00:15]} Rb8 {[%emt 0:02:45]} 16. Rfc1 {[%emt 0:00:29]} b6 {[%emt 0:06:18]} 17. Rc6 {[%emt 0:00:48]} a5 {[%emt 0:02:53]} 18. Qd6 {[%emt 0:02:43]} Ba6 {[%emt 0:02:34]} 19. Qe5 {[%emt 0:00:14]} Qf6 {[%emt 0:02:27]} 20. Qxf6 {[%emt 0:00:03]} gxf6 {[%emt 0:00:05]} 21. e3 {[%emt 0:00:01]} dxe3 {[%emt 0:00:25]} 22. fxe3 {[%emt 0:00:13]} Rfc8 {[%emt 0:02:01]} 23. Rac1 {[%emt 0:00:02]} Kf8 {[%emt 0:01:13]} 24. Kf2 {[%emt 0:00:24]} Ke7 {[%emt 0:03:13]} 25. d4 {[%emt 0:00:12]} Kd7 {[%emt 0:12:02]} 26. g4 {[%emt 0:00:42]} Rxc6 {[%emt 0:03:23]} 27. Bxc6+ {[%emt 0:00:39]} Kd6 {[%emt 0:00:45]} 28. Be4 {[%emt 0:00:10]} Bb5 {[%emt 0:01:02]} 29. a3 {[%emt 0:01:13]} Rg8 {[%emt 0:04:04]} 30. Bf3 {[%emt 0:00:22]} Bd7 {[%emt 0:09:34]} 31. h3 {[%emt 0:00:11]} Bb5 {[%emt 0:00:59]} 32. b4 {[%emt 0:03:47]} a4 {[%emt 0:01:12]} 33. Rc3 {[%emt 0:02:44]} Bd7 {[%emt 0:01:31]} 34. e4 {[%emt 0:00:39]} Bb5 {[%emt 0:01:15]} 35. Ke3 {[%emt 0:02:30]} Bd7 {[%emt 0:00:38]} 36. Be2 {[%emt 0:00:29]} Rg5 {[%emt 0:02:03]} 37. Rc1 {[%emt 0:01:41]} Rg8 {[%emt 0:02:42]} 38. Rf1 {[%emt 0:01:46]} Ke7 {[%emt 0:05:15]} 39. Bd3 {[%emt 0:00:17]} h5 {[%emt 0:06:27]} 40. gxh5 {[%emt 0:00:17]} Rg3+ {[%emt 0:00:02]} 41. Rf3 {[%emt 0:00:01]} Rg5 {[%emt 0:00:11]} 42. h4 {[%emt 0:03:13]} Rxh5 {[%emt 0:00:58]} 43. Rh3 {[%emt 0:00:12]} Rh6 {[%emt 0:03:25]} 44. h5 {[%emt 0:00:15]} e5 {[%emt 0:02:04]} 45. Rh4 {[%emt 0:00:07]} exd4+ {[%emt 0:00:21]} 46. Kxd4 {[%emt 0:00:02]} f5 {[%emt 0:00:12]} 47. exf5 {[%emt 0:00:11]} Kf6 {[%emt 0:00:11]} 48. b5 {[%emt 0:01:16]} Kg5 {[%emt 0:01:34]} 49. Rh3 {[%emt 0:00:02]} Bxf5 {[%emt 0:01:27]} 50. Bxf5 {[%emt 0:00:19]} Kxf5 {[%emt 0:00:05]} 51. Kd5 {[%emt 0:00:12]} Kg4 {[%emt 0:00:21]} 52. Rc3 {[%emt 0:00:42]} f5 {[%emt 0:01:18]} 53. Rc6 {[%emt 0:00:28]} Rxh5 {[%emt 0:00:21]} 54. Rxb6 {[%emt 0:00:05]} f4+ {[%emt 0:01:55]} 55. Ke4 {[%emt 0:00:22]} Rg5 {[%emt 0:01:17]} 56. Rf6 {[%emt 0:00:38]} Rxb5 {[%emt 0:00:29]} 57. Rxf4+ {[%emt 0:00:11]} Kg5 {[%emt 0:00:18]} 58. Rf3 {[%emt 0:00:08]} Rb3 {[%emt 0:00:15]} 59. Rd3 {[%emt 0:00:05]} Rxd3 {[%emt 0:00:17]} 60. Kxd3 {[%emt 0:00:03]} Kf5 {[%emt 0:00:14]} 61. Kc4 {[%emt 0:00:46]} Ke4 {[%emt 0:00:08]} 1/2-1/2

[Event "Botvinnik Cup 2018"]
[Site "Moscow"]
[Date "2018.08.12"]
[Round "5"]
[White "Atabayev, Maksat"]
[Black "Tsotsonava, Elene"]
[Result "1-0"]
[WhiteElo "2505"]
[BlackElo "1701"]
[Annotator "ChessBase"]
[PlyCount "123"]
[EventDate "2018.08.10"]
[EventCountry "RUS"]
[SourceTitle "playchess.com"]
[Source "ChessBase"]
[SourceQuality "1"]
[TimeControl "5400+30"]

1. e4 {[%emt 0:00:00]} c5 {[%emt 0:00:00]} 2. Nf3 {[%emt 0:00:01]} Nc6 {[%emt 0:00:00]} 3. c3 {[%emt 0:01:29]} d5 {[%emt 0:00:02]} 4. exd5 {[%emt 0:00:11]} Qxd5 {[%emt 0:00:07]} 5. d4 {[%emt 0:01:43]} Bg4 {[%emt 0:00:12]} 6. Be2 {[%emt 0:00:13]} cxd4 {[%emt 0:00:20]} 7. cxd4 {[%emt 0:00:52]} e6 {[%emt 0:00:09]} 8. Nc3 {[%emt 0:00:36]} Bb4 {[%emt 0:00:15]} 9. O-O {[%emt 0:00:03]} Qa5 {[%emt 0:00:17]} 10. h3 {[%emt 0:03:29]} Bxf3 {[%emt 0:01:18]} 11. Bxf3 {[%emt 0:02:36]} Nge7 {[%emt 0:00:12]} 12. Bxc6+ {[%emt 0:02:51]} Nxc6 {[%emt 0:01:15]} 13. Qg4 {[%emt 0:00:30]} O-O-O {[%emt 0:12:24]} 14. Be3 {[%emt 0:01:05]} f5 {[%emt 0:14:20]} 15. Qxg7 {[%emt 0:00:47]} Bxc3 {[%emt 0:01:08]} 16. bxc3 {[%emt 0:00:02]} Rhg8 {[%emt 0:01:03]} 17. Qf7 {[%emt 0:01:42]} Qd5 {[%emt 0:00:34]} 18. f3 {[%emt 0:00:01]} Rdf8 {[%emt 0:02:40]} 19. Qh5 {[%emt 0:00:32]} Rg6 {[%emt 0:02:51]} 20. Qxh7 {[%emt 0:01:23]} Rfg8 {[%emt 0:01:00]} 21. Rf2 {[%emt 0:00:11]} Qc4 {[%emt 0:10:17]} 22. Rc1 {[%emt 0:01:02]} R6g7 {[%emt 0:01:20]} 23. Qh6 {[%emt 0:03:32]} Ne7 {[%emt 0:01:16]} 24. Bd2 {[%emt 0:00:36]} Rg6 {[%emt 0:02:10]} 25. Qe3 {[%emt 0:00:53]} Nc6 {[%emt 0:06:09]} 26. Kh2 {[%emt 0:02:09]} Qd5 {[%emt 0:04:48]} 27. Qf4 {[%emt 0:00:27]} Qxa2 {[%emt 0:05:05]} 28. c4 {[%emt 0:00:34]} Qb2 {[%emt 0:03:39]} 29. d5 {[%emt 0:03:26]} Qg7 {[%emt 0:03:30]} 30. Rg1 {[%emt 0:01:52]} Ne5 {[%emt 0:05:18]} 31. Re2 {[%emt 0:00:37]} Rg3 {[%emt 0:01:44]} 32. Qh6 {[%emt 0:04:50]} Qxh6 {[%emt 0:07:02]} 33. Bxh6 {[%emt 0:00:02]} Nxf3+ {[%emt 0:00:06]} 34. gxf3 {[%emt 0:00:07]} Rxg1 {[%emt 0:00:08]} 35. dxe6 {[%emt 0:00:01]} Kd8 {[%emt 0:07:58]} 36. f4 {[%emt 0:00:32]} Rc1 {[%emt 0:01:31]} 37. Bg5+ {[%emt 0:00:26]} Kc7 {[%emt 0:04:33]} 38. Re5 {[%emt 0:01:28]} Rxc4 {[%emt 0:00:51]} 39. Rxf5 {[%emt 0:00:48]} Re4 {[%emt 0:01:04]} 40. Rf7+ {[%emt 0:00:23]} Kd6 {[%emt 0:00:30]} 41. Rxb7 {[%emt 0:00:09]} Kxe6 {[%emt 0:00:41]} 42. Rxa7 {[%emt 0:00:18]} Kf5 {[%emt 0:00:34]} 43. Ra5+ {[%emt 0:00:08]} Kg6 {[%emt 0:00:10]} 44. Ra6+ {[%emt 0:00:01]} Kf7 {[%emt 0:00:14]} 45. Kg3 {[%emt 0:00:16]} Rc8 {[%emt 0:00:56]} 46. Kg4 {[%emt 0:00:12]} Re2 {[%emt 0:00:22]} 47. Ra7+ {[%emt 0:00:19]} Kg8 {[%emt 0:00:11]} 48. h4 {[%emt 0:00:30]} Rg2+ {[%emt 0:00:33]} 49. Kh5 {[%emt 0:00:21]} Rc6 {[%emt 0:00:17]} 50. Rb7 {[%emt 0:00:33]} Ra6 {[%emt 0:00:35]} 51. Rb4 {[%emt 0:01:24]} Kf7 {[%emt 0:00:47]} 52. Rb8 {[%emt 0:00:13]} Rc6 {[%emt 0:00:33]} 53. Ra8 {[%emt 0:00:25]} Rb6 {[%emt 0:00:39]} 54. Ra5 {[%emt 0:00:16]} Rc6 {[%emt 0:00:36]} 55. Rf5+ {[%emt 0:00:04]} Kg7 {[%emt 0:00:17]} 56. Rd5 {[%emt 0:00:04]} Kf7 {[%emt 0:00:12]} 57. f5 {[%emt 0:00:18]} Ra6 {[%emt 0:00:48]} 58. Rd7+ {[%emt 0:00:19]} Ke8 {[%emt 0:00:04]} 59. Re7+ {[%emt 0:00:38]} Kf8 {[%emt 0:00:31]} 60. f6 {[%emt 0:00:02]} Rf2 {[%emt 0:00:53]} 61. Kg6 {[%emt 0:00:09]} Rg2 {[%emt 0:00:41]} 62. Rh7 {[%emt 0:00:23]} 1-0

[Event "Botvinnik Cup 2018"]
[Site "Moscow"]
[Date "2018.08.12"]
[Round "5"]
[White "Khusnutdinov, Rustam"]
[Black "Orozbaev, Eldiar"]
[Result "1-0"]
[WhiteElo "2470"]
[BlackElo "1785"]
[Annotator "ChessBase"]
[PlyCount "85"]
[EventDate "2018.08.10"]
[EventCountry "RUS"]
[SourceTitle "playchess.com"]
[Source "ChessBase"]
[SourceQuality "1"]
[TimeControl "5400+30"]

1. e4 {[%emt 0:00:00]} c5 {[%emt 0:00:00]} 2. Nc3 {[%emt 0:00:00]} d6 {[%emt 0:00:34]} 3. Nf3 {[%emt 0:00:35]} Nc6 {[%emt 0:00:33]} 4. d4 {[%emt 0:00:31]} cxd4 {[%emt 0:00:05]} 5. Nxd4 {[%emt 0:00:12]} g6 {[%emt 0:02:28]} 6. Bc4 {[%emt 0:00:25]} Bg7 {[%emt 0:00:34]} 7. Nb3 {[%emt 0:00:15]} Nf6 {[%emt 0:00:06]} 8. O-O {[%emt 0:00:03]} O-O {[%emt 0:00:04]} 9. Re1 {[%emt 0:00:11]} Bd7 {[%emt 0:03:44]} 10. Nd5 {[%emt 0:00:02]} Ne5 {[%emt 0:06:16]} 11. Bf1 {[%emt 0:00:53]} Nxd5 {[%emt 0:01:07]} 12. exd5 {[%emt 0:00:03]} Rc8 {[%emt 0:21:08]} 13. Bg5 {[%emt 0:00:07]} h6 {[%emt 0:01:41]} 14. Be3 {[%emt 0:00:56]} g5 {[%emt 0:09:24]} 15. c3 {[%emt 0:01:42]} f5 {[%emt 0:00:34]} 16. f4 {[%emt 0:02:15]} gxf4 {[%emt 0:10:08]} 17. Bxf4 {[%emt 0:00:08]} Ng6 {[%emt 0:00:59]} 18. Be3 {[%emt 0:03:02]} f4 {[%emt 0:01:00]} 19. Bd4 {[%emt 0:00:04]} Ne5 {[%emt 0:01:51]} 20. Nd2 {[%emt 0:00:50]} Qa5 {[%emt 0:11:22]} 21. Bxe5 {[%emt 0:11:50]} dxe5 {[%emt 0:00:20]} 22. Ne4 {[%emt 0:03:20]} Qb6+ {[%emt 0:03:21]} 23. Kh1 {[%emt 0:00:01]} Bf5 {[%emt 0:01:11]} 24. Qd2 {[%emt 0:03:22]} Rfd8 {[%emt 0:01:26]} 25. Rad1 {[%emt 0:05:29]} Kh8 {[%emt 0:03:38]} 26. c4 {[%emt 0:01:22]} Qg6 {[%emt 0:01:43]} 27. Bd3 {[%emt 0:00:48]} b5 {[%emt 0:04:35]} 28. b3 {[%emt 0:02:25]} Bxe4 {[%emt 0:04:29]} 29. Bxe4 {[%emt 0:00:09]} Qb6 {[%emt 0:00:03]} 30. Bb1 {[%emt 0:00:27]} Kg8 {[%emt 0:01:31]} 31. Bf5 {[%emt 0:05:41]} Rc7 {[%emt 0:02:37]} 32. Qe2 {[%emt 0:01:05]} bxc4 {[%emt 0:00:57]} 33. bxc4 {[%emt 0:00:03]} Qf6 {[%emt 0:00:33]} 34. Be6+ {[%emt 0:00:31]} Kh8 {[%emt 0:00:08]} 35. Rc1 {[%emt 0:00:03]} Rb8 {[%emt 0:02:05]} 36. c5 {[%emt 0:01:01]} Rb4 {[%emt 0:01:52]} 37. Qd3 {[%emt 0:01:06]} e4 {[%emt 0:00:42]} 38. Rxe4 {[%emt 0:02:32]} Rxe4 {[%emt 0:00:04]} 39. Qxe4 {[%emt 0:00:01]} Rxc5 {[%emt 0:00:20]} 40. Rb1 {[%emt 0:00:00]} Qb2 {[%emt 0:00:07]} 41. Qe1 {[%emt 0:01:08]} Rc2 {[%emt 0:03:32]} 42. Rxb2 {[%emt 0:01:32]} Bxb2 {[%emt 0:00:04]} 43. Bg4 {[%emt 0:00:02]} 1-0

[Event "Botvinnik Cup 2018"]
[Site "Moscow"]
[Date "2018.08.12"]
[Round "5"]
[White "Khusnutdinov, Rustam"]
[Black "Sakibaev, Nursultan"]
[Result "1-0"]
[WhiteElo "2470"]
[BlackElo "1754"]
[Annotator "RC"]
[PlyCount "155"]
[EventDate "2018.08.10"]
[EventCountry "RUS"]
[SourceTitle "playchess.com"]
[Source "ChessBase"]
[SourceQuality "1"]
[TimeControl "5400+30"]

1. e4 {[%emt 0:00:00]} d5 {[%emt 0:00:00]} 2. exd5 {[%emt 0:00:00]} Nf6 {[%emt 0:00:00]} 3. d4 {[%emt 0:00:25]} Nxd5 {[%emt 0:00:03]} 4. Nf3 {[%emt 0:00:14]} Bf5 {[%emt 0:00:21]} 5. Bd3 {[%emt 0:00:51]} Bxd3 {[%emt 0:00:09]} 6. Qxd3 {[%emt 0:00:03]} e6 {[%emt 0:00:17]} 7. Qb5+ {[%emt 0:00:37]} Nd7 {[%emt 0:00:13]} 8. Qxb7 {[%emt 0:00:01]} Nb4 {[%emt 0:10:46]} 9. Qe4 {[%emt 0:00:25]} Nf6 {[%emt 0:01:19]} 10. Qe2 {[%emt 0:00:37]} Bd6 {[%emt 0:03:32]} 11. O-O {[%emt 0:00:50]} h6 {[%emt 0:01:31]} 12. Na3 {[%emt 0:00:43]} O-O {[%emt 0:01:00]} 13. Nc4 {[%emt 0:00:07]} Nbd5 {[%emt 0:02:00]} 14. Nfe5 {[%emt 0:03:35]} c5 {[%emt 0:10:47]} 15. Nxd6 {[%emt 0:02:18]} Qxd6 {[%emt 0:00:07]} 16. c4 {[%emt 0:00:40]} Nb6 {[%emt 0:01:06]} 17. dxc5 {[%emt 0:00:02]} Qxc5 {[%emt 0:00:19]} 18. b3 {[%emt 0:00:02]} Rad8 {[%emt 0:14:03]} 19. Bb2 {[%emt 0:00:28]} a5 {[%emt 0:09:49]} 20. Rad1 {[%emt 0:01:38]} a4 {[%emt 0:04:16]} 21. Qf3 {[%emt 0:01:29]} Rfe8 {[%emt 0:06:21]} 22. h3 {[%emt 0:04:44]} Qc7 {[%emt 0:03:52]} 23. Qe3 {[%emt 0:11:45]} axb3 {[%emt 0:11:16]} 24. axb3 {[%emt 0:00:03]} Qb7 {[%emt 0:02:08]} 25. Rd4 {[%emt 0:01:03]} Rxd4 {[%emt 0:00:49]} 26. Qxd4 {[%emt 0:01:44]} Nbd7 {[%emt 0:02:54]} 27. Nxd7 {[%emt 0:01:18]} Qxd7 {[%emt 0:00:02]} 28. Qxd7 {[%emt 0:00:01]} Nxd7 {[%emt 0:00:02]} 29. Bd4 {[%emt 0:00:01]} e5 {[%emt 0:01:35]} 30. Be3 {[%emt 0:00:07]} f5 {[%emt 0:02:12]} 31. f3 {[%emt 0:01:44]} Kf7 {[%emt 0:00:18]} 32. b4 {[%emt 0:00:45]} Rb8 {[%emt 0:01:40]} 33. b5 {[%emt 0:01:04]} Ke6 {[%emt 0:03:08]} 34. Rb1 {[%emt 0:04:12]} Kd6 {[%emt 0:01:39]} 35. c5+ {[%emt 0:00:24]} Kc7 {[%emt 0:01:11]} 36. b6+ {[%emt 0:02:14]} Kb7 {[%emt 0:02:38]} 37. Ra1 {[%emt 0:00:05]} Rc8 {[%emt 0:00:53]} 38. Ra5 {[%emt 0:00:22]} g5 {[%emt 0:00:13]} 39. Kf1 {[%emt 0:00:03]} h5 {[%emt 0:00:21]} 40. Ke2 {[%emt 0:00:58]} Kc6 {[%emt 0:03:07]} 41. Kd3 {[%emt 0:01:45]} Kd5 {[%emt 0:01:10]} 42. Kc3 {[%emt 0:00:13]} Nxb6 {[%emt 0:00:58]} 43. Ra6 {[%emt 0:07:49]} f4 {[%emt 0:00:31]} 44. Rxb6 {[%emt 0:02:03]} fxe3 {[%emt 0:00:02]} 45. Rg6 {[%emt 0:00:01]} Rxc5+ {[%emt 0:00:14]} 46. Kd3 {[%emt 0:00:01]} e2 {[%emt 0:00:00]} 47. Kxe2 Rc2+ 48. Kf1 {[%emt 0:00:06]} g4 {[%emt 0:01:21]} 49. hxg4 {[%emt 0:00:19]} hxg4 {[%emt 0:00:08]} 50. Rxg4 {[%emt 0:00:01]} Ke6 {[%emt 0:00:18]} 51. Re4 {[%emt 0:00:13]} Kf5 {[%emt 0:00:43]} 52. Kg1 {[%emt 0:01:04]} Rd2 {[%emt 0:00:21]} 53. Kh2 {[%emt 0:00:05]} Rd7 {[%emt 0:00:27]} 54. Kg3 {[%emt 0:00:03]} Rg7+ {[%emt 0:00:07]} 55. Kf2 {[%emt 0:00:02]} Ra7 {[%emt 0:00:29]} 56. g4+ {[%emt 0:01:35]} Kf6 {[%emt 0:00:09]} 57. Rb4 {[%emt 0:00:01]} Ra6 {[%emt 0:02:49]} 58. Rb8 {[%emt 0:00:06]} Rd6 {[%emt 0:00:39]} 59. Rf8+ {[%emt 0:00:04]} Ke6 {[%emt 0:00:30]} 60. Kg3 {[%emt 0:00:13]} Rd3 {[%emt 0:00:09]} 61. Kh4 {[%emt 0:00:10]} Ke7 {[%emt 0:00:14]} 62. Rf5 {[%emt 0:00:01]} Ke6 {[%emt 0:00:01]} 63. Kg5 {[%emt 0:00:07]} Re3 {[%emt 0:01:31]} 64. Kg6 {[%emt 0:01:30]} Re1 {[%emt 0:00:31]} 65. f4 {[%emt 0:01:59]} exf4 {[%emt 0:00:31]} 66. Rxf4 {[%emt 0:00:02]} Rg1 {[%emt 0:00:04]} 67. g5 {[%emt 0:00:01]} Ke7 {[%emt 0:00:01]} 68. Kh6 {[%emt 0:00:04]} Rh1+ {[%emt 0:00:18]} 69. Kg7 {[%emt 0:00:01]} Rg1 {[%emt 0:00:05]} 70. g6 {[%emt 0:00:01]} Ke8 {[%emt 0:00:05]} 71. Kh7 {[%emt 0:00:01]} Rh1+ {[%emt 0:00:08]} 72. Kg8 {[%emt 0:00:01]} Rg1 {[%emt 0:00:09]} 73. g7 {[%emt 0:00:01]} Rg3 {[%emt 0:00:09]} 74. Re4+ {[%emt 0:00:01]} Kd7 {[%emt 0:00:05]} 75. Kf7 {[%emt 0:00:01]} Rf3+ 76. Kg6 Rg3+ {[%emt 0:00:24]} 77. Kf6 {[%emt 0:00:02]} Rf3+ {[%emt 0:00:21]} 78. Kg5 {[%emt 0:00:01]} 1-0

[Event "Botvinnik Cup 2018"]
[Site "Moscow"]
[Date "2018.08.12"]
[Round "5"]
[White "Tologontegin, Semetey"]
[Black "Nurmanova, Alua"]
[Result "1-0"]
[WhiteElo "2419"]
[BlackElo "1825"]
[Annotator "NA"]
[PlyCount "101"]
[EventDate "2018.08.10"]
[EventCountry "RUS"]
[SourceTitle "playchess.com"]
[Source "ChessBase"]
[SourceQuality "1"]
[TimeControl "5400+30"]

1. g3 {[%emt 0:00:00]} g6 {[%emt 0:00:47]} 2. Bg2 {[%emt 0:00:21]} Bg7 {[%emt 0:00:07]} 3. e4 {[%emt 0:00:06]} Nc6 {[%emt 0:01:06]} 4. Ne2 {[%emt 0:00:47]} d6 {[%emt 0:01:20]} 5. d4 {[%emt 0:00:26]} e5 {[%emt 0:03:30]} 6. Be3 {[%emt 0:02:29]} Nf6 {[%emt 0:02:23]} 7. h3 {[%emt 0:04:50]} O-O {[%emt 0:04:57]} 8. Nbc3 {[%emt 0:02:20]} a6 {[%emt 0:04:36]} 9. a4 {[%emt 0:00:32]} Re8 {[%emt 0:05:11]} 10. O-O Rb8 {[%emt 0:25:34]} 11. d5 {[%emt 0:12:08]} Ne7 {[%emt 0:06:03]} 12. a5 {[%emt 0:03:11]} b6 {[%emt 0:09:53]} 13. axb6 {[%emt 0:02:21]} cxb6 {[%emt 0:00:13]} 14. f4 {[%emt 0:00:29]} exf4 {[%emt 0:04:33]} 15. gxf4 {[%emt 0:00:29]} Bb7 {[%emt 0:07:44]} 16. Bd4 {[%emt 0:02:32]} Nc8 {[%emt 0:09:14]} 17. Ng3 {[%emt 0:06:21]} b5 {[%emt 0:05:23]} 18. f5 {[%emt 0:02:02]} Nd7 {[%emt 0:01:59]} 19. Bxg7 {[%emt 0:19:28]} Kxg7 {[%emt 0:00:16]} 20. Nce2 {[%emt 0:05:07]} Qg5 {[%emt 0:02:34]} 21. Kh2 {[%emt 0:09:34]} Ncb6 {[%emt 0:01:29]} 22. b3 {[%emt 0:02:48]} Rbc8 {[%emt 0:00:51]} 23. Rf4 {[%emt 0:01:54]} Re5 {[%emt 0:01:12]} 24. Qd3 {[%emt 0:03:03]} Qe7 {[%emt 0:00:24]} 25. Raf1 {[%emt 0:00:21]} Nf6 {[%emt 0:00:31]} 26. fxg6 {[%emt 0:07:14]} fxg6 {[%emt 0:00:17]} 27. Rxf6 {[%emt 0:00:06]} Qxf6 {[%emt 0:00:05]} 28. Rxf6 {[%emt 0:00:01]} Kxf6 {[%emt 0:00:01]} 29. Nd4 {[%emt 0:00:12]} Nd7 {[%emt 0:01:36]} 30. Nge2 {[%emt 0:01:18]} Re7 {[%emt 0:00:32]} 31. Ne6 {[%emt 0:01:43]} Ne5 {[%emt 0:00:15]} 32. Qd2 {[%emt 0:01:05]} Kf7 {[%emt 0:00:20]} 33. N2d4 {[%emt 0:00:18]} Kg8 {[%emt 0:00:36]} 34. Nf3 {[%emt 0:00:09]} Nxf3+ {[%emt 0:00:24]} 35. Bxf3 {[%emt 0:01:14]} Rce8 {[%emt 0:00:35]} 36. h4 {[%emt 0:00:10]} Bc8 {[%emt 0:00:12]} 37. Bg4 {[%emt 0:00:04]} Bd7 {[%emt 0:00:51]} 38. Kg3 {[%emt 0:03:01]} Rf7 {[%emt 0:00:35]} 39. Qb4 {[%emt 0:01:07]} Rc8 {[%emt 0:00:09]} 40. c4 {[%emt 0:00:37]} bxc4 {[%emt 0:00:09]} 41. bxc4 {[%emt 0:00:01]} h6 {[%emt 0:00:30]} 42. c5 {[%emt 0:00:35]} dxc5 {[%emt 0:00:23]} 43. Nxc5 {[%emt 0:00:35]} Bxg4 {[%emt 0:00:17]} 44. Kxg4 {[%emt 0:00:02]} Rfc7 {[%emt 0:00:15]} 45. Nxa6 {[%emt 0:01:00]} Rc4 {[%emt 0:00:09]} 46. Qe7 {[%emt 0:02:07]} Ra8 {[%emt 0:00:22]} 47. Nc5 {[%emt 0:01:04]} Rf8 {[%emt 0:00:36]} 48. Nd7 {[%emt 0:00:47]} Rf7 {[%emt 0:00:25]} 49. Qe8+ {[%emt 0:01:05]} Kg7 {[%emt 0:00:05]} 50. Qxf7+ {[%emt 0:00:06]} Kxf7 {[%emt 0:00:28]} 51. Ne5+ {[%emt 0:00:09]} 1-0